000 00329nam a2200145Ia 4500
005 20251222141834.0
008 251222s9999||||xx |||||||||||||| ||spa||
020 _a9789972834370
082 _a985.25/R47
100 _aReyes Flores, Alejandro
245 0 _aBarrios Altos:
250 _a1ra. ed.
264 _bUMSM
942 _cLIB
999 _c7208
_d7208